Méthodes d'analyse et d'expérience biochimique moderne
Les principes principaux por un laboratoire biochimique. La sesescurité et des Donneses statistiques. Méthodes d'extraction et de séparation des molécules biologiques, des substances secondaires de plantes Vietnamiennes. Méthodes d'analyse de produits naturels par les méthodes biochi...
Đã lưu trong:
| Príomhúdar: | |
|---|---|
| Formáid: | Leabhar |
| Teanga: | Undetermined |
| Foilsithe: |
Ho Chi Minh
Masion d'Edition Agronomie
2009
|
| Ábhair: | |
| Clibeanna: |
Cuir Clib Leis
Gan Chlibeanna, Bí ar an gcéad duine leis an taifead seo a chlibeáil!
|
| Thư viện lưu trữ: | Trung tâm Học liệu Trường Đại học Cần Thơ |
|---|
| LEADER | 00849nam a2200193Ia 4500 | ||
|---|---|---|---|
| 001 | CTU_167984 | ||
| 008 | 210402s9999 xx 000 0 und d | ||
| 082 | |a 572 | ||
| 082 | |b H305 | ||
| 100 | |a Phan, Phuoc Hien | ||
| 245 | 0 | |a Méthodes d'analyse et d'expérience biochimique moderne | |
| 245 | 0 | |c Phan Phuoc Hien | |
| 260 | |a Ho Chi Minh | ||
| 260 | |b Masion d'Edition Agronomie | ||
| 260 | |c 2009 | ||
| 520 | |a Les principes principaux por un laboratoire biochimique. La sesescurité et des Donneses statistiques. Méthodes d'extraction et de séparation des molécules biologiques, des substances secondaires de plantes Vietnamiennes. Méthodes d'analyse de produits naturels par les méthodes biochimiques modernes. | ||
| 650 | |a Biochemistry,Hóa sinh | ||
| 904 | |i Giang | ||
| 980 | |a Trung tâm Học liệu Trường Đại học Cần Thơ | ||